| 000 | 00846nam a2200265Ia 4500 | ||
|---|---|---|---|
| 003 | OSt | ||
| 005 | 20220925171252.0 | ||
| 006 | a|||||r|||| 00| 0 | ||
| 007 | ta | ||
| 008 | 220923b |||||||| |||| 00| 0 eng d | ||
| 020 |
_a3540214615 _c3985.05 |
||
| 037 |
_b10727, 29/03/2005, Govinda _cGeneral Book |
||
| 040 |
_aRTL _cRTL _beng |
||
| 041 |
_2eng _aeng |
||
| 082 | _aX991, P4 | ||
| 100 |
_aKatayama Seiichi Ed. _9238738 |
||
| 245 | 0 | _aInternational economic policies in a globalized wo | |
| 260 |
_aBerlin _bSpringer-verlag _c2004 |
||
| 300 |
_ax,199p _ccm. |
||
| 500 | _aBibliography Chapterwise | ||
| 650 | _aGlobalization | ||
| 700 |
_a Ursprung Heinrich W Ed. _9238739 |
||
| 942 |
_hX991, P4 _cGB _2CC |
||
| 999 |
_c482124 _d482124 |
||